Name some cities in China! - Statistics

General Stats
  • This quiz has been taken 415 times
  • The average score is 10 of 15
Answer Stats
Hint Answer % Correct
Beijing
98%
Shanghai
96%
Guangzhou
85%
Hong Kong
83%
Tianjin
70%
Xi'an
66%
Chengdu
65%
Chongqing
65%
Wuhan
64%
Nanjing
61%
Shenzhen
61%
Harbin
56%
Hangzhou
49%
Shenyang
47%
Chanchung
5%
No matching quizzes found
Score Distribution
Percent of People with Each Score
Percentile by Number Answered
Your Score History
You have not taken this quiz